Geochemical specialization of limescale of water sources illustrated by two regions in Siberia; Contemporary Problems of Ecology; Vol. 3, iss. 4

Dettagli Bibliografici
Parent link:Contemporary Problems of Ecology
Vol. 3, iss. 4.— 2010.— [P. 498-507]
Altri autori: Tapkhaeva A. E., Taisaev T. T., Rikhvanov L. P. Leonid Petrovich, Yazikov Y. G. Yegor (Egor) Grigoryevich, Baranovskaya N. V. Nataliya Vladimirovna
Riassunto:Title screen
The paper shows the results of the accumulation of chemical elements in the limescale formed upon evaporation of underground water used by the population of Irkutsk and Tomsk oblasts. The levels are established for the accumulation of heavy metals, including rare earth and radioactive ones, in the dry residues of the limescale.
Режим доступа: по договору с организацией-держателем ресурса
Lingua:inglese
Pubblicazione: 2010
Soggetti:
Accesso online:https://doi.org/10.1134/S1995425510040156
Natura: MixedMaterials Elettronico Capitolo di libro
KOHA link:https://koha.lib.tpu.ru/cgi-bin/koha/opac-detail.pl?biblionumber=642652

MARC

LEADER 00000nla0a2200000 4500
001 642652
005 20250207144802.0
035 |a (RuTPU)RU\TPU\network\7611 
035 |a RU\TPU\network\7606 
090 |a 642652 
100 |a 20150701d2010 k||y0rusy50 ba 
101 0 |a eng 
135 |a drcn ---uucaa 
181 0 |a i  
182 0 |a b 
200 1 |a Geochemical specialization of limescale of water sources illustrated by two regions in Siberia  |f A. E. Tapkhaeva, T. T. Taisaev, L. P. Rikhvanov [et al.] 
203 |a Text  |c electronic 
300 |a Title screen 
320 |a [Ref.: 17 tit.] 
330 |a The paper shows the results of the accumulation of chemical elements in the limescale formed upon evaporation of underground water used by the population of Irkutsk and Tomsk oblasts. The levels are established for the accumulation of heavy metals, including rare earth and radioactive ones, in the dry residues of the limescale. 
333 |a Режим доступа: по договору с организацией-держателем ресурса 
461 |t Contemporary Problems of Ecology 
463 |t Vol. 3, iss. 4  |v [P. 498-507]  |d 2010 
610 1 |a электронный ресурс 
610 1 |a труды учёных ТПУ 
610 1 |a indicators of pollution 
610 1 |a radioactive elements 
610 1 |a heavy metals 
701 1 |a Tapkhaeva  |b A. E. 
701 1 |a Taisaev  |b T. T. 
701 1 |a Rikhvanov  |b L. P.  |c Professor of Tomsk Polytechnic University  |c Doctor of geological- mineralogical sciences  |c Honored geologist of Russia  |c Honored Worker of higher professional education of the Russian Federation  |f 1945-  |g Leonid Petrovich  |3 (RuTPU)RU\TPU\pers\25922 
701 1 |a Yazikov  |b Y. G.  |c Doctor of geological and mineralogical sciences  |c Professor of Tomsk Polytechnic University  |f 1955  |g Yegor (Egor) Grigoryevich  |3 (RuTPU)RU\TPU\pers\30395  |9 14738 
701 1 |a Baranovskaya  |b N. V.  |c geochemist  |c Professor of Tomsk Polytechnic University, Doctor of biological sciences  |f 1970-  |g Nataliya Vladimirovna  |3 (RuTPU)RU\TPU\pers\31010  |9 15240 
801 2 |a RU  |b 63413507  |c 20200713  |g RCR 
856 4 |u https://doi.org/10.1134/S1995425510040156 
942 |c CF